000 00366nam a2200145Ia 4500
008 220803s9999 xx 000 0 und d
020 _a9781609015039
041 _aeng
082 _a729 NUS
100 _aNussbaumer L L
_925024
245 _aHuman Factors In The Built Environment
260 _aNew York
_bFairchild Books
_c2014
300 _a382p
500 _aARCHI
999 _c15896
_d15896